Longman introductory course for the TOEFL Test

Over 1,000 questions that cover each section of the test . Skills practice exercises for each of the language skills presented in the text . Introductory-level practice tests that simulate the format and timing of the actual paper TOEFL test . Pop-up explanations for all practice and test items. Rec...

全面介绍

Đã lưu trong:
书目详细资料
主要作者: Phillips, Deborah
格式: 图书
语言:Undetermined
出版: New York Longman 2002
主题:
标签: 添加标签
没有标签, 成为第一个标记此记录!
Thư viện lưu trữ: Trung tâm Học liệu Trường Đại học Cần Thơ
LEADER 01003nam a2200229Ia 4500
001 CTU_102330
008 210402s9999 xx 000 0 und d
020 |c 43000 
082 |a 428.0076 
082 |b P558/CD1 
100 |a Phillips, Deborah 
245 0 |a Longman introductory course for the TOEFL Test 
245 0 |c Deborah Phillips 
260 |a New York 
260 |b Longman 
260 |c 2002 
520 |a Over 1,000 questions that cover each section of the test . Skills practice exercises for each of the language skills presented in the text . Introductory-level practice tests that simulate the format and timing of the actual paper TOEFL test . Pop-up explanations for all practice and test items. Record-keeping to monitor student progress 
650 |a English language 
650 |x Study and teaching 
904 |i Giang 
910 |a Vương, Mai chuyển số PL từ 428.24 thành 428.0076 chưa in nhãn 
980 |a Trung tâm Học liệu Trường Đại học Cần Thơ